home page   АИС "Историко-культурное наследие Беларуси"
  Базовый | Расширенный | Профессиональный | Словарь персоналий | Тематический словарь | По видам объектов История запросов  Заказы    Регистрация

Запись в MARC-формате

копировать MARC-запись

=LDR  00000nx\\c2200241\\\45\\
=001  BY-NLB-ar65769
=005  20160330095639.7
=100  \\$a20001231abely50\\\\\\ca0
=152  \\$apsbo
=160  \\$ae-bw
=215  \\$aКасцёл Святой Ганны (Мосар, вёска; Глыбоцкі раён)
=300  1\$aПомнік архітэктуры класіцызму. Пабудаваны ў 1792 г.
=356  \\$aЗнаходзіцца ў цэнтры в. Мосар Глыбоцкага раёна Віцебскай вобласці.
=415  \\$aМосарскі касцёл святой Ганны
=515  \\$5w$3BY-NLB-ar65768$aКостел Святой Анны (Мосар, деревня; Глубокский район)
=801  \2$aBY$bBY-HM0000$c20090108
=801  \0$aBY$bBY-HM0000$c20001231
=801  \1$aBY$bBY-HM0000$c20040804
=810  \\$aКаталіцкія храмы на Беларусі : энцыклапедычны даведнік / А. М. Кулагін. — Мінск, 2000.
=810  \\$aКаталіцкія храмы Беларусі / А. М. Кулагін. — Мінск, 2008.
=810  \\$aТуристская энциклопедия Беларуси. — Минск, 2007.
=999  \\$g2786$t20090108
=999  \\$k375$t20060823

Чтобы вернуться назад, щелкните кнопку BACK на Вашем браузере